LaGuardia Airport Destinations (New York, NY, USA) - Map - Statistics

General Stats
  • This quiz has been taken 33 times
  • The average score is 63 of 88
Answers on the Map
Answers color-coded by a green-red scale on the quiz's map according to % correct below.
 
Answer Stats
Destination % Correct
Boston
93%
Dallas/Fort Worth
93%
Dallas (Love)
93%
Houston (Hobby)
93%
Houston (Intercontinental)
93%
Miami
93%
New Orleans
93%
Toronto (Billy Bishop)
93%
Toronto (Pearson)
93%
Calgary
90%
Chicago (Midway)
90%
Chicago (O'Hare)
90%
Denver
90%
Jacksonville (FL)
90%
Montréal (Trudeau)
90%
Tampa
90%
Atlanta
86%
Buffalo
86%
Charlotte
86%
Detroit
86%
Indianapolis
86%
Key West
86%
Minneapolis/St. Paul
86%
Orlando
86%
Salt Lake City
86%
Bermuda
83%
Charleston (SC)
83%
Cleveland
83%
Columbus (Glenn)
83%
Memphis
83%
Nashville
83%
Nassau
83%
Oklahoma City
83%
Pittsburgh
83%
San Juan
83%
Des Moines
79%
Fort Lauderdale
79%
Kansas City
79%
Milwaukee
79%
Raleigh/Durham
79%
Savannah
79%
Washington (Dulles)
79%
Washington (National)
79%
Albany
76%
Cincinnati
76%
Halifax
76%
Madison
76%
Richmond
76%
St. Louis
76%
Little Rock
72%
Aruba
69%
Birmingham (AL)
69%
Fort Myers
69%
Louisville
69%
Rochester (NY)
69%
Syracuse
69%
Lexington
66%
Omaha
66%
Portland (ME)
66%
Tulsa
66%
Grand Rapids
62%
Greensboro
62%
Knoxville
62%
Norfolk
62%
Burlington (VT)
59%
Chattanooga
59%
Myrtle Beach
59%
Wilmington (NC)
59%
Huntsville
55%
Martha's Vineyard
55%
Sarasota
55%
West Palm Beach
55%
Worcester
55%
Bangor
52%
Columbia (SC)
52%
Greenville/Spartanburg
52%
Charlottesville (VA)
48%
Panama City (FL)
48%
Pensacola
48%
Asheville
45%
Bozeman
45%
Fayetteville/Bentonville
45%
Nantucket
45%
Roanoke
41%
Hilton Head
38%
Hyannis
31%
Traverse City
31%
Glacier Park/Kalispell
24%
No matching quizzes found
Score Distribution
Percent of People with Each Score
Percentile by Number Answered
Your Score History
You have not taken this quiz